| 000 | 00787nam a2200205 a 4500 | ||
|---|---|---|---|
| 005 | 20210223122333.0 | ||
| 008 | 991125s1999 mx 000 0 spa u | ||
| 035 | _aUPN01000033714 | ||
| 049 | _aAV | ||
| 099 | _aPV1 G 0810 | ||
| 100 | 1 | _aHulscher, Hans | |
| 245 | 1 | 0 |
_aKaguyahime : _bla princesa de la luna / _cdir. Hans Hulscher. |
| 260 |
_aMéxico : _bCanal 22 : _bCNCA, _c1999. |
||
| 300 | _a1 videocasete (VHS) (70 min.) | ||
| 440 | 0 | _aDanza | |
| 520 | _aKaguyahime es uno de los cuentos más antigüos del Japón. Narra la historia de la princesa de la luna cuando desciende a la tierra. El destino de su belleza luminosa es el de transmitir la paz y la felicidad, pero la rivalidad | ||
| 650 | 4 |
_aLEYENDAS JAPONESAS _919860 |
|
| 650 | 4 |
_aBALLET _98654 |
|
| 905 | _aAudiovisuales | ||
| 999 |
_c33714 _d33714 |
||